Countries That Start with C with Hints - Statistics

General Stats
  • This quiz has been taken 45 times
  • The average score is 11 of 15
Answer Stats
Hint Answer % Correct
The Covid-19pandemic started here China
98%
Famously very long and thin Chile
95%
Named after an explorer Colombia
90%
Formerly part of Yugoslavia Croatia
90%
A Mediterranean island Cyprus
90%
Neighbour of Germany Czech Republic
90%
Home to Angkor Wat Cambodia
76%
Borders the Pacific, Atlanticand Arctic Oceans Canada
74%
Muslim islands Comoros
67%
On a lake with the same name Chad
64%
Portuguese-speaking islands Cape Verde
62%
Its capital city shares the namewith a Camila Cabello's song Cuba
57%
Its acronym makesa name of a vehicle Central African Republic
55%
Its capital city shares the namewith a Californian city Costa Rica
48%
Former German colony Cameroon
45%
No matching quizzes found
Score Distribution
Percent of People with Each Score
Percentile by Number Answered
Your Score History
You have not taken this quiz